| 000 | 00611nam a2200181Ia 4500 | ||
|---|---|---|---|
| 008 | 220216s9999 xx 000 0 und d | ||
| 100 | _aWijesuriya Wasana | ||
| 245 | 0 | _aSome issues related to sustainability in the smallholder rubber sector: A case study of three major rubber growing districts | |
| 260 |
_bJournal of the Rubber Research Institute of Sri Lanka _c2007 |
||
| 300 | _a59-76 | ||
| 650 | _aParticipatory rural appraisal | ||
| 650 | _aSmallholder | ||
| 700 | _aAbeywardene Vidura | ||
| 700 | _aDissanayake D M A P | ||
| 700 | _aEdirisinghe Jagath | ||
| 700 | _aHerath Keminda | ||
| 942 | _cBS | ||
| 999 |
_c48367 _d48367 |
||